000 00731cam a2200241 4500
001 D2301
008 090401t1953 xxu||||| |||| 00| 0 eng d
035 _a(Sirsi) u68513
041 _aeng
050 _a692.30968
110 _aThe Chapter of South African Institute of Quantity Surveyors
_92108
245 _aStandard system of measuring builders` work in South Africa
250 _a3rd
260 _aJohannesburg
_bChapter of South African Institute of Qu
_c1953
300 _a64p. 33cm
350 _a0
520 _aFiled at SMM 1953/1B
650 _aMeasurement
_96256
650 _aSOUTH AFRICA
650 _aBUILT ENVIRONMENT-QUANTITY SURVEYING-STANDARD METHOD OF MEASURMENT
942 _n0
948 _c04/03/1997
999 _c95114
_d95114